|
|
|
|
| LEADER |
00000nab a2200000 ar4500 |
| 001 |
vtls009171266 |
| 003 |
SK-MaSNL |
| 005 |
20260303211626.0 |
| 008 |
080108c2007 xo mr|p|||||||000 b|slo |
| 015 |
|
|
|a SNBRB2008/01
|2 snkbucl
|
| 038 |
|
|
|a SNKBUCL
|
| 040 |
|
|
|a SNKBUCL
|b slo
|c SNKBUCL
|e AACR2
|
| 041 |
0 |
|
|a slo
|
| 044 |
|
|
|a xo
|c SK
|
| 080 |
|
|
|a 697.1.058:006.063
|2 2001
|
| 080 |
|
|
|a 620.9
|2 2001
|
| 080 |
|
|
|a 006.063
|2 2001
|
| 100 |
1 |
|
|a Hudec, Marián
|4 aut
|9 499189
|
| 245 |
1 |
0 |
|a Pomoc stavbám
|c Marián Hudec
|
| 300 |
|
|
|b Fotogr.
|
| 650 |
0 |
7 |
|a budovy
|2 snkbucl
|9 1283
|
| 650 |
0 |
7 |
|a energetický audit
|2 snkbucl
|9 72642
|
| 650 |
0 |
7 |
|a energetická certifikácia budov
|2 snkbucl
|9 336867
|
| 650 |
0 |
7 |
|a energetické certifikáty
|2 snkbucl
|9 109930
|
| 773 |
0 |
|
|t Revue priemyslu
|g Č. 12 (2007), s. 30
|x 1336-9857
|
| 852 |
|
|
|a SNK
|b KIS3GCP
|
| 999 |
|
|
|c 2203613
|d 2205543
|